|
|
|
|
| LEADER |
00000cam a22000004a 4500 |
| 001 |
musev2_76339 |
| 003 |
MdBmJHUP |
| 005 |
20230905051901.0 |
| 006 |
m o d |
| 007 |
cr||||||||nn|n |
| 008 |
910916s1988 nyu o 00 0 eng d |
| 020 |
|
|
|a 9780814767955
|
| 020 |
|
|
|z 9780814766064
|
| 035 |
|
|
|a (OCoLC)1227051102
|
| 040 |
|
|
|a MdBmJHUP
|c MdBmJHUP
|
| 245 |
0 |
0 |
|a Religion Morality & the Law :
|b Nomos XXX /
|c edited by J. Roland Pennock and John W. Chapman.
|
| 264 |
|
1 |
|a New York :
|b New York University Press,
|c 1988.
|
| 264 |
|
3 |
|a Baltimore, Md. :
|b Project MUSE,
|c 2021
|
| 264 |
|
4 |
|c ©1988.
|
| 300 |
|
|
|a 1 online resource.
|
| 336 |
|
|
|a text
|b txt
|2 rdacontent
|
| 337 |
|
|
|a computer
|b c
|2 rdamedia
|
| 338 |
|
|
|a online resource
|b cr
|2 rdacarrier
|
| 500 |
|
|
|a Trobades de American Society for Political and Legal Philosophy celebrades a New Orleans l'any 1986.
|
| 588 |
|
|
|a Description based on print version record.
|
| 650 |
0 |
4 |
|a Religió i política
|z Estats Units d'America
|x Congressos.
|
| 650 |
0 |
4 |
|a Religió i dret
|x Congressos.
|
| 650 |
0 |
4 |
|a Esglesia i Estat
|z Estats Units d'America
|x Congressos.
|
| 655 |
|
7 |
|a Electronic books.
|2 local
|
| 700 |
1 |
|
|a Chapman, John W.
|q (John William),
|d 1923-
|
| 700 |
1 |
|
|a Pennock, J. Roland.
|
| 710 |
2 |
|
|a American Society for Political and Legal Philosophy.
|
| 710 |
2 |
|
|a Project Muse.
|e distributor
|
| 830 |
|
0 |
|a Book collections on Project MUSE.
|
| 856 |
4 |
0 |
|z Texto completo
|u https://projectmuse.uam.elogim.com/book/76339/
|
| 945 |
|
|
|a Project MUSE - Custom Collection
|
| 945 |
|
|
|a Project MUSE - Archive Complete Supplement IX
|
| 945 |
|
|
|a Project MUSE - Archive Political Science and Policy Studies Supplement IX
|